| 000 | 01494 a2200301 4500 | ||
|---|---|---|---|
| 001 | 60373 | ||
| 005 | 20260407155854.0 | ||
| 008 | 260407a1999 arg spa d | ||
| 003 | AR-UNSa-BCEJYS | ||
| 040 |
_aAR-UNSa-BCEJYS _bspa _cAR-UNSa-BCEJYS |
||
| 080 |
_a658.15 _xAdministración financiera privada. Gestión financiera de empresas |
||
| 245 | 1 | 0 |
_aEVA valor económico agregado _pUn nuevo enfoque para optimizar la gestión empresarial, motivar a los empleados y crear valor |
| 020 | _a958-04-5547-3 | ||
| 264 | 1 |
_aBogotá : _bGrupo Editorial Norma _c1999 |
|
| 300 |
_a170 p. _c23 cm. |
||
| 505 | _a1. Introducción - 2. Los indicadores tradicionales de la creación de valor para el accionista y de la gestión de los directivos – 3. El valor económico agregado – 4. El UAIDI: Utilidades antes de intereses y después de impuestos – 5. El valor contable del activo – 6. El costo promedio de capital – 7. Casos prácticos – 8. El valor de mercado agregado – 9. La fijación de incentivos y la motivación de los empleados – 10. El EVA y el cuadro de mando integral | ||
| 041 | _aspa | ||
| 942 | _cBK | ||
| 590 | _aniveau_biblio:m niveau_hierar:0 | ||
| 100 | 1 | _aAmat, Oriol | |
| 700 | 1 | _aAguilà, Santiago | |
| 700 | 1 | _aBlake, John | |
| 700 | 1 | _aFalguera, Jordi de | |
| 700 | 1 | _aPrat, Noemí | |
| 700 | 1 | _aPuig, Xavier | |
| 700 | 1 | _aWraith, Phil | |
| 856 | 4 | 1 |
_uhttps://www.biblioeco.unsa.edu.ar/pmb/images/libros/L129128.jpg _yImagen de portada _qimage/jpeg |
| 999 |
_c6942 _d6942 |
||